Văn bản mới hướng dẫn thi hành luật Thuế giá trị gia tăng
Giới thiệu một số nghị định, thông tư hướng dẫn thi hành luật thuế, giá trị gia tăng
Сохранить в:
| Формат: | |
|---|---|
| Язык: | Vietnamese |
| Опубликовано: |
H.
Chính trị Quốc gia
2006
|
| Предметы: | |
| Метки: |
Добавить метку
Нет меток, Требуется 1-ая метка записи!
|
| Thư viện lưu trữ: | Mạng thư viện Đại học Đà Nẵng |
|---|
| LEADER | 01306aam a22003498a 4500 | ||
|---|---|---|---|
| 001 | 000007268 | ||
| 003 | 3429 | ||
| 005 | 20111101101110.0 | ||
| 008 | 110928s2006 viesd | ||
| 020 | |c 15000đ |d 1000b | ||
| 041 | |a vie | ||
| 082 | 1 | 4 | |2 14 |a 343.597052 |b Văn |
| 084 | |a S612.2 |b V115B | ||
| 245 | |a Văn bản mới hướng dẫn thi hành luật Thuế giá trị gia tăng | ||
| 260 | |a H. |b Chính trị Quốc gia |c 2006 | ||
| 300 | |a 194 tr. |c 19 cm. | ||
| 520 | |a Giới thiệu một số nghị định, thông tư hướng dẫn thi hành luật thuế, giá trị gia tăng | ||
| 650 | 7 | |2 Bộ TK TVQG |a Pháp luật | |
| 650 | 7 | |2 Bộ TK TVQG |a Thuế giá trị gia tăng | |
| 650 | 7 | |2 Bộ TK TVQG |a Luật thuế | |
| 655 | 7 | |2 Bộ TK TVQG |a Văn bản pháp qui | |
| 910 | |a Huỳnh Thị Cẩm Lai |d 18/09/2011 | ||
| OWN | |a LSP | ||
| AVA | |a UDN50 |b LSP |d 343.597052 Văn |e available |t Error 5001 Not defined in file expand_doc_bib_avail. |f 2 |g 0 |h N |i 0 |k 1 | ||
| 999 | |a From the UDN01 | ||
| AVA | |a UDN50 |b LSP |d 343.597052 Văn |e available |t Error 5001 Not defined in file expand_doc_bib_avail. |f 2 |g 0 |h N |i 0 |k 1 | ||
| TYP | |a Monograph | ||
| TYP | |a Printed language | ||
| 980 | |a Mạng thư viện Đại học Đà Nẵng | ||